00798nam a2200169Ia 4500008004100000020002200041041001200063100003600075245006700111260003200178440003800210650002100248650014400269942000700413999001900420952018900439231221s9999 xx 000 0 und d a978-3-540-36017-9 aEnglish aRoland Büschkes, Pavel Laskov 0aDetection of Intrusions and Malware & Vulnerability Assessment c2006bSpringer USaNew York aLecture Notes in Computer Science aComputer Science aData Encryption; Management of Computing and Information Systems; Computer Communication Networks; Operating Systems; Computers and Society cEB c221501d221501 r2024-01-26 00:00:00l0pEB3668h4064uhttp://link.springer.com/openurl?genre=book&isbn=978-3-540-36014-8w2024-01-26yEB1040708CL00aMLbMLcCLd0000-00-00ECSK14319GRSF1V0W0